[Event "Pavlodar op"]
[Site "Pavlodar"]
[Date "2017.11.22"]
[Round "2"]
[White "Kamitov, Erken"]
[Black "Tulegenov, Askhat"]
[Result "1-0"]
[WhiteElo "1793"]
[BlackElo "1413"]
[PlyCount "102"]
[EventDate "2017.11.21"]
[EventType "swiss"]
[EventRounds "9"]
[EventCountry "KAZ"]
[SourceTitle "EXT 2019"]
[Source "ChessBase"]
[SourceDate "2018.10.10"]
[SourceVersion "1"]
[SourceVersionDate "2018.10.10"]
[SourceQuality "1"]

1. e4 e5 2. Bc4 Bc5 3. Nf3 Nc6 4. c3 Nf6 5. b4 Be7 6. d3 d6 7. 0-0 a6 8. Qb3 0-0 9. Ng5 Qe8 10. a4 h6 11. Nf3 Nd8 12. Nh4 Kh7 13. Nf5 Be6 14. Nxe7 Qxe7 15. Nd2 c6 16. Qc2 Ra7 17. a5 d5 18. Bb3 dxe4 19. dxe4 Bxb3 20. Nxb3 Ne6 21. Be3 Raa8 22. Nc5 Rfd8 23. h3 Nxc5 24. Bxc5 Qe6 25. Bb6 Re8 26. Qe2 Nd7 27. Be3 Rac8 28. Rfd1 c5 29. b5 Red8 30. bxa6 bxa6 31. Rd5 Nf6 32. Rxd8 Rxd8 33. Bxc5 Qc6 34. Bb6 Ra8 35. f3 Qxc3 36. Qa2 Kg8 37. Rd1 Rc8 38. Qe2 Qb3 39. Rd8+ Rxd8 40. Bxd8 Qb7 41. Bxf6 gxf6 42. Qe3 Kg7 43. Qb6 Qc8 44. Qe3 Qe6 45. Kh2 f5 46. Qb6 Kg6 47. exf5+ Kxf5 48. Kg3 Qf6 49. h4 h5 50. Kh3 Kg6 51. Qe3 Kh7 1-0

[Event "KAZ-ch sf"]
[Site "Pavlodar"]
[Date "2016.02.07"]
[Round "2"]
[White "Kamitov, Erken"]
[Black "Tulegenov, Askhat"]
[Result "1-0"]
[WhiteElo "1817"]
[BlackElo "1492"]
[PlyCount "43"]
[EventDate "2016.02.05"]
[EventType "swiss"]
[EventRounds "9"]
[EventCountry "KAZ"]
[SourceTitle "CBM 171 Extra"]
[Source "ChessBase"]
[SourceDate "2016.04.26"]
[SourceVersion "1"]
[SourceVersionDate "2016.04.26"]
[SourceQuality "1"]

1. e4 e5 2. Bc4 Nf6 3. d3 d5 4. exd5 Nxd5 5. Nf3 Nc6 6. 0-0 Bg4 7. c3 Nb6 8. Bb3 Bd6 9. Nbd2 0-0 10. Qe1 Bf5 11. Bc2 Na4 12. Bxa4 Bxd3 13. Ne4 Bxf1 14. Qxf1 Ne7 15. Bg5 h6 16. Be3 f5 17. Bb3+ Kh8 18. Nc5 Qc8 19. Be6 Qd8 20. Nxb7 Qb8 21. Nxd6 cxd6 22. Bb3 1-0